banner koha

Fatores possiveis de determinar o grau de suscetibilidade de certas variedades citricas ao parasitismo por "moscas das frutas" (Ceratitis capitata Wied., 1824 e Anastrepha spp.) (Registro n. 148734)

MARC details
000 -LÍDER
campo de controle de tamanho fixo 00945nas a2200289 4500
001 - NÚMERO DE CONTROLE
campo de controle BR9209977
003 - IDENTIFICADOR DO NÚMERO DE CONTROLE
campo de controle BR-BrBNA
005 - DATA E HORÁRIO DA ÚLTIMA TRANSAÇÃO
campo de controle 20231205095115.0
007 - CAMPO FIXO DE DESCRIÇÃO FÍSICA--INFORMAÇÃO GERAL
campo de controle de tamanho fixo ta
008 - CAMPO DE DADOS FIXOS--INFORMAÇÃO GERAL
campo de controle de tamanho fixo 230509b bl.|||p| |||| 00| 00por d
040 ## - FONTE DA CATALOGAÇÃO
Instituição da catalogação original BR-BrBNA
Idioma da catalogação por
Instituição que transcreveu o registro Biblioteca Nacional de Agricultura
041 ## - CÓDIGO DE IDIOMA
Código do idioma do texto/trilha sonora ou título diferente (Pt)
072 ## - CÓDIGO DE CATEGORIA DE ASSUNTO
Código de Categoria de Assunto H10
100 1# - ENTRADA PRINCIPAL--NOME PESSOAL
Nome pessoal Sampaio, A.S.
100 1# - ENTRADA PRINCIPAL--NOME PESSOAL
Nome pessoal Myazaki, I.
100 1# - ENTRADA PRINCIPAL--NOME PESSOAL
Nome pessoal Suplicy Filho, N.
100 1# - ENTRADA PRINCIPAL--NOME PESSOAL
Nome pessoal Oliveira, D.A.
100 1# - ENTRADA PRINCIPAL--NOME PESSOAL
Nome pessoal Bitran, E.A.
100 1# - ENTRADA PRINCIPAL--NOME PESSOAL
Nome pessoal Teofilo Sobrinho, J.
245 1# - TÍTULO
Título Fatores possiveis de determinar o grau de suscetibilidade de certas variedades citricas ao parasitismo por "moscas das frutas" (Ceratitis capitata Wied., 1824 e Anastrepha spp.)
650 ## - ASSUNTO--TERMO TÓPICO
Cabeçalho tópico ou nome geográfico Fruta Citrica
650 ## - ASSUNTO--TERMO TÓPICO
Cabeçalho tópico ou nome geográfico Mosca das Frutas
650 ## - ASSUNTO--TERMO TÓPICO
Cabeçalho tópico ou nome geográfico Variedade
773 0# - ENTRADA ANALÍTICA
Título Biologico (Brazil)
ISSN - International Standard Serial Number ISSN 0366-0567
Partes relacionadas (Dec 1984), v. 50(12) p. 273-284
Número de controle do registro BR9209977
909 ## -
-- 202311
-- Lúcia
-- 55
-- Lúcia Elande
942 ## - ELEMENTOS DE ENTRADA ADICIONADOS (KOHA)
Fonte da classificação ou esquema de arquivamento na estante Classificação AGRIS
Ocultar no OPAC Não
Tipo de material Koha Analítica
Exemplares
Situação do descarte Fonte da classificação ou esquema de arquivamento na estante Situação física Não pode ser emprestado Biblioteca de origem Biblioteca atual Localização na estante Enumeração do periódico / cronologia Total de empréstimos Data de último acesso Número do exemplar Tipo de material Koha Fonte de aquisição
  Classificação AGRIS   Consulta local Biblioteca Nacional de Agricultura - Binagri Biblioteca Nacional de Agricultura - Binagri   (Dec 1984), v. 50(12) p. 273-284   29/11/2023 01 Periódicos Portaria Interministerial nº 164/94

BINAGRI

Telefone: (61)3218-2567/2388/3357/2097 - binagri@agro.gov.br

Ministério da Agricultura e Pecuária , Esplanada dos Ministérios, Bloco D, Anexo B, Brasília/DF, CEP: 70.043-900